Jack et Madame Mitie en Occident (notice n° 9554)
[ vue normale ]
| 000 -Label | |
|---|---|
| leader | 01746nam a2200205 4500 |
| 099 ## - Informations locales | |
| Type de document | Livre |
| 100 ## - Données générales de traitement | |
| a | 19720101d1971 m y0frey50 ba |
| 101 0# - Langue | |
| langue document | français |
| 102 ## - Pays d'édition ou de production | |
| pays d'édition | France |
| 200 1# - Titre | |
| titre propre | Jack et Madame Mitie en Occident |
| type de document | Livre |
| auteur | Georges Ohsawa ( Nyoiti Sakurazawa ) |
| 210 ## - Editeur | |
| lieu de publication | Paris |
| nom de l'éditeur | J. Vrin |
| date de publication | 1971 |
| 215 ## - Description | |
| Importance matérielle | 1 vol. (287 p.) |
| format | 18 cm |
| 300 ## - Note | |
| note | La couv. porte en plus: ou Deux non civilisés dans la jungle dite civilisation |
| 330 ## - Résumé | |
| Résumé | Ce livre est le récit des aventures vécues par deux étrangers en quelques pays d'Occident, gouvernés par un roi dit « Civilisation », nom qui est en même temps pour eux synonyme de « jungle ». L'un d'eux est un monsieur âgé de soixante-quatre ans, l'autre, sa femme, de cinquante-sept. Ils se nomnent Monsieur Jack et Madame Mitie. Leur nationalité est «Erewhonienne ». Leurs pays est appelé «Erewhon » par les Occidentaux, depuis plusieurs siècles Mais ce nom est complètement étranger à son propre peuple.<br/>C'est un tout petit pays perdu dans un océan, colonisé et divisé depuis quatre-vingts ans par des conquérants venus de l'ouest. Monsieur Jack connaît fort bien les pays occidentaux ainsi que leurs langues, mais Madame Mitie est une véritable traditionaliste, n'employant que sa propre langue. Elle n'est jamais allée au delà de sa petite île, ni même de sa ville natale. Leur voyage est plein d'aventures et d'émotions, comme celui de Marco Polo en Chine, ou de Livingstone au cœur de l'Afrique... non, beaucoup plus. C'est comme vous allez le voir, très intéressant et extrêmement amusant.<br/> |
| 700 ## - Auteur | |
| N° autorité | 11923429 |
| auteur | Ōsawa |
| prénom | Joichi |
| code de fonction | Auteur |
| koha internal code | 26297 |
| 801 #0 - source de catalogage | |
| pays | FR |
| agence de catalogage | FR-751131015 |
| date de la transaction | 19720101 |
| règles de catalogage utilisées | AFNOR |
| 801 #0 - source de catalogage | |
| pays | TN |
| agence de catalogage | 32BIS |
| 830 ## - note | |
| catalogeur | SG |
| Propriétaire | Dépositaire | Localisation | Code barre | Numéro Inventaire | Cote | Note | Statut |
|---|---|---|---|---|---|---|---|
| The 32bis Library | The 32bis Library | Salle de lecture 32BIS | 007361 | 7280 | 848 OHS | Dépôt MAB | Consultable sur place |